000 00461nam a2200181Ia 4500
008 240925s9999 xx 000 0 und d
020 _a9789332549531
082 _a514.3 MUN
100 _aMunkres, James R.
245 0 _aTopology
250 _a2nd
260 _aNew Delhi:
_bPearson Education
_c,2013.
300 _axxiv, 495p.
_b0
_fOriginal
500 _aIncludes Index
600 _aHumanities & Natural Science
650 _aMathematics
942 _cBK
999 _c15496
_d15496